Linear Algebra and Its Applications (Record no. 61125)

MARC details
000 -LEADER
fixed length control field 00505nam a22002057a 4500
003 - CONTROL NUMBER IDENTIFIER
control field OSt
005 - DATE AND TIME OF LATEST TRANSACTION
control field 20241028133134.0
008 - FIXED-LENGTH DATA ELEMENTS--GENERAL INFORMATION
fixed length control field 241028b |||||||| |||| 00| 0 eng d
020 ## - INTERNATIONAL STANDARD BOOK NUMBER
International Standard Book Number 978-81-315-0172-6
040 ## - CATALOGING SOURCE
Transcribing agency Trident
082 ## - DEWEY DECIMAL CLASSIFICATION NUMBER
Classification number 512.9434
Item number STR
100 ## - MAIN ENTRY--PERSONAL NAME
Personal name Gilbert Strang
9 (RLIN) 45396
245 ## - TITLE STATEMENT
Title Linear Algebra and Its Applications
250 ## - EDITION STATEMENT
Edition statement 4th
260 ## - PUBLICATION, DISTRIBUTION, ETC.
Place of publication, distribution, etc. Delhi
Name of publisher, distributor, etc. Publisher
Date of publication, distribution, etc. 2019
300 ## - PHYSICAL DESCRIPTION
Extent viii,487p;
500 ## - GENERAL NOTE
General note Book Quantity-10
650 ## - SUBJECT ADDED ENTRY--TOPICAL TERM
Topical term or geographic name entry element Mathematics
942 ## - ADDED ENTRY ELEMENTS (KOHA)
Source of classification or shelving scheme Dewey Decimal Classification
Koha item type Books
Suppress in OPAC No

No items available.

Trident Academy of Technology © 2023.
All rights reserved.                                                                                                                                                                                                        Designed by Team of Central Library .

Powered by Koha